Delitos electorales 1812-2018

Detalles Bibliográficos
Autor principal: Esparza Martn̕ez, Bernardino
Formato: eBook
Lenguaje:español
Publicado: Ciudad de Mx̌ico: Instituto de ciencias penales de Mx̌ico (INACIPE), 2018
Materias:
Acceso en línea:Acceso restringido

MARC

LEADER 00000nam a22000007a 4500
005 20190904232021.0
007 cr|||| ||||
008 190904s2018 mx |||||s|||| 00||0 spa d
020 |a 978-607-8551-28-6 
035 |a 24745 
040 |a vLex 
090 |c 9401  |d 9401 
100 1 |a Esparza Martn̕ez, Bernardino 
245 1 0 |a Delitos electorales 1812-2018  |h [Recurso electrn̤ico] /  |c Bernardino Esparza Martn̕ez 
256 |a Servicio en ln̕ea 
260 |a Ciudad de Mx̌ico:  |b Instituto de ciencias penales de Mx̌ico (INACIPE),  |c 2018 
300 |a 1 recurso electrn̤ico 
506 1 |a Disponible solo en los productos indicados  |d vLex Global  |d vLex Global (Academic Edition, excluding Law Schools)  |d vLex Global (U.S. Academic Edition, Law Schools)  |d vLex Global (U.S. Academic Edition, excluding Law Schools)  |d vLex Global (Academic Edition, Law Schools) 
650 0 4 |a Derecho Penal  |z Mx̌ico 
650 0 4 |a Derecho Constitucional  |z Mx̌ico 
740 0 |a vLex Libros (Servicio en ln̕ea) 
856 4 0 |u http://vlex.com/source/delitos-electorales-1812-2018-24745  |z Acceso restringido 
942 |c BOOK 
999 0 |a Criminal Law 
999 0 |a Constitutional Law